|
|
|
|
| LEADER |
02430nam a2200361 a 4500 |
| 001 |
13764828 |
| 003 |
BD-DhAAL |
| 005 |
20250713145657.0 |
| 008 |
091115s2005 ii a b 001 0 eng d |
| 010 |
|
|
|a \\2004025765
|
| 020 |
|
|
|a 8178294605 (India-HB)
|
| 020 |
|
|
|a 0761932984 (HB)
|
| 020 |
|
|
|a 8178294613 (India-PB)
|
| 020 |
|
|
|a 0761932992 (PB)
|
| 040 |
|
|
|a DLC
|c DLC
|d DLC
|d BD-DhAAL
|
| 082 |
0 |
0 |
|a 658.4/092
|2 22
|
| 100 |
1 |
|
|a Venkateswara Rao, T.
|
| 245 |
1 |
4 |
|a The power of 360 degree feedback :
|b maximizing managerial and leadership effectiveness /
|c TV Rao, Raju Rao.
|
| 246 |
3 |
|
|a Power of three hundred sixty degree feedback
|
| 260 |
|
|
|a New Delhi ;
|a Thousand Oaks, Calif. :
|b Response Books,
|c 2005.
|
| 300 |
|
|
|a 312 pages :
|b illustrations ;
|c 23 cm.
|
| 504 |
|
|
|a Includes bibliographical references (p. [302]-305) and index.
|
| 505 |
0 |
|
|a The effective personality -- What makes managers effective? -- Leaders and their qualities -- Managers and their leadership roles -- Leadership styles and their impact -- Delegation : the key to empowerment -- Introduction to the power tool : 360 degree feedback -- Basics of 360 degree feedback or multi-rater assessment feedbacks (MAFs) -- Competence building through 360 degree feedback -- Instrumentation in 360 degree feedback -- Myths and facts of 360 degree feedback -- Conditions for successful multi-rater assessment feedbacks (MAFs) -- Developing leadership in school principals through 360 degree feedback -- Assessing teachers and parents -- Peer feedback for students- the ISB experience -- 360 degree feedback tool for non-governmental organizations (NGOs) -- Use of multi-rater assessment feedbacks (MAFs) in some major Indian corporations -- Determining development needs with multi-rater assessment feedbacks (MAFs) -- Coaching in multi-rater assessment feedbacks (MAFs) -- Experiences from other countries.
|
| 541 |
1 |
|
|e 00019585
|
| 650 |
|
0 |
|a Personnel management.
|
| 650 |
|
0 |
|a Leadership.
|
| 650 |
|
0 |
|a Organizational behavior.
|
| 650 |
|
0 |
|a Management.
|
| 700 |
1 |
|
|a Rao, Raju.
|9 58730
|
| 852 |
4 |
|
|a Ayesha Abed Library
|j General shelf
|
| 942 |
|
|
|2 ddc
|c BK
|
| 999 |
|
|
|c 5516
|d 5516
|
| 952 |
|
|
|0 0
|1 0
|2 ddc
|4 0
|6 658_409200000000000_VEN
|7 0
|9 5390
|a BRACUL
|b BRACUL
|c GEN
|d 2009-11-15
|e Karim International
|g 429.00
|l 3
|m 31
|o 658.4092 VEN
|p 3010019585
|r 2018-04-02
|s 2018-03-21
|t 1
|w 2009-11-15
|y BK
|x Requisitioned by Faculties of BBS. Course name and no. "not available".
|